Tom Hardy Movies - Multiple Choice - Statistics

General Stats
  • This quiz has been taken 21 times
  • The average score is 11 of 14
Answer Stats
Question Answer % Correct
Which one starred Tom? Venom
94%
Which one starred Tom? Inception
88%
Which one starred Tom? Mad Max: Fury Road
88%
Which one starred Tom? RocknRolla
88%
Which one starred Tom? The Dark Knight Rises
88%
Which one starred Tom? The Revenant
88%
Which one starred Tom? Havoc
81%
Which one starred Tom? The Bikeriders
81%
Which one starred Tom? The Drop
81%
Which one starred Tom? Warrior
81%
Which one starred Tom? Child 44
75%
Which one starred Tom? Lawless
75%
Which one starred Tom? Legend
69%
Which one starred Tom? This Means War
69%
No matching quizzes found
Score Distribution
Percent of People with Each Score
Percentile by Number Answered
Your Score History
You have not taken this quiz